00529 a2200169 4500010001400000020002600014035001300040037001500053082000800068100002000076245005700096250001200153260004200165270007900207300002200286500005100308 aENG-86560 a9788178297316c395.00 aEN-70092 bDBAD / PUB a310 aKanji, Gopal K. aHundred (100) statistical tests /cby Gopal K. Kanji a3rd ed. aNew DelhibVistaar Publicationsc2006 aB1/11, Mohan Cooperative Industrial Area, Mathura RoadbNew Delhie110 044 a242pc24cm. (Hb) aIncludes bibliographical references and index